10 Biggest Cities in Portugal - Statistics

General Stats
  • This quiz has been taken 231 times
  • The average score is 5 of 10
Answer Stats
Population City % Correct
520 000 Lisbon
98%
250 000 Porto
96%
120 000 Braga
69%
105 000 Coimbra
61%
115 000 Setubal
49%
180 000 Amadora
44%
100 000 Funchal
41%
70 000 Vila Nova de Gaia
35%
100 000 Queluz
17%
95 000 Cacem
8%
No matching quizzes found
Score Distribution
Percent of People with Each Score
Percentile by Number Answered
Your Score History
You have not taken this quiz